Столицы мира - Statistics

General Stats
  • This quiz has been taken 3 634 times
  • The average score is 79 of 196
Answers on the Map
Answers color-coded by a green-red scale on the quiz's map according to % correct below.
 
Answer Stats
Country % Correct
Москва
96%
Киев
89%
Вашингтон
89%
Париж
88%
Берлин
87%
Минск
86%
Пекин
86%
Рим
85%
Лондон
84%
Токио
83%
Астана
83%
Бразилиа
81%
Мадрид
80%
Варшава
79%
Оттава
77%
Мехико
75%
Осло
75%
Сеул
74%
Анкара
74%
Хельсинки
73%
Афины
73%
Лиссабон
72%
Прага
70%
Копенгаген
70%
Рига
70%
Амстердам
69%
Нью-Дели
69%
Вена
68%
Каир
68%
Стокгольм
68%
София
67%
Таллин
67%
Дублин
66%
Баку
65%
Брюссель
65%
Будапешт
65%
Берн
65%
Ереван
64%
Вильнюс
64%
Пхеньян
64%
Бухарест
64%
Люксембург
63%
Белград
63%
Тбилиси
62%
Улан-Батор
62%
Рейкьявик
61%
Ватикан
61%
Алжир
60%
Ташкент
60%
Кишинёв
59%
Братислава
59%
Канберра
58%
Тегеран
58%
Абу-Даби
58%
Буэнос-Айрес
56%
Загреб
55%
Бишкек
55%
Сараево
54%
Иерусалим
54%
Монако
53%
Сан-Марино
53%
Любляна
53%
Душанбе
51%
Тунис
51%
Тирана
50%
Багдад
50%
Кабул
49%
Джакарта
48%
Ашхабад
48%
Исламабад
47%
Эр-Рияд
47%
Бангкок
47%
Скопье
46%
Дамаск
46%
Сантьяго
45%
Подгорица
45%
Лима
44%
Гавана
42%
Вадуц
42%
Антананариву
42%
Панама
42%
Андорра-ла-Велья
41%
Монтевидео
41%
Ханой
41%
Приштина
40%
Сингапур
40%
Никосия
39%
Манила
39%
Дакка
38%
Веллингтон
38%
Доха
38%
Каракас
38%
Триполи
37%
Катманду
37%
Богота
36%
Куала-Лумпур
36%
Рабат
36%
Валлетта
35%
Аддис-Абеба
34%
Бейрут
34%
Кито
33%
Амман
33%
Претория
33%
Эль-Кувейт
32%
Пномпень
31%
Гватемала
31%
Сана
31%
Сан-Сальвадор
30%
Мале
30%
Вьентьян
29%
Маскат
29%
Асунсьон
29%
Джибути
28%
Найроби
28%
Тайбэй
28%
Киншаса
27%
Абуджа
27%
Дакар
27%
Могадишо
27%
Тхимпху
26%
Сан-Хосе
26%
Джорджтаун
26%
Луанда
25%
Манама
25%
Нейпьидо
25%
Бисау
25%
Кингстон
25%
Браззавиль
25%
Нджамена
24%
Дили
24%
Аккра
24%
Тегусигальпа
24%
Виктория
24%
Манагуа
23%
Ниамей
23%
Сан-Томе
23%
Парамарибо
23%
Порт-о-Пренс
22%
Нуакшот
22%
Хартум
22%
Додома
22%
Лусака
22%
Нассау
21%
Бельмопан
21%
Джуба
21%
Шри-Джаяварденепура-Котте
21%
Порто-Ново
20%
Уагадугу
20%
Яунде
20%
Банги
20%
Санто-Доминго
20%
Асмэра
20%
Либревиль
20%
Бамако
20%
Порт-Морсби
20%
Фритаун
20%
Ломе
20%
Хараре
20%
Габороне
19%
Порт-Луи
19%
Мапуту
19%
Виндхук
19%
Порт-оф-Спейн
19%
Прая
18%
Ямусукро
18%
Монровия
18%
Мбабане
18%
Кампала
18%
Бриджтаун
17%
Розо
17%
Масеру
17%
Кигали
17%
Кингстаун
17%
Бандар-Сери-Бегаван
16%
Банжул
16%
Конакри
16%
Лилонгве
16%
Сент-Джонс
15%
Сукре , Ла-Пас
15%
Гитега
15%
Сува
15%
Морони
14%
Малабо
14%
Южная Тарава
14%
Бастер
14%
Апиа
14%
Фунафути
14%
Сент-Джорджес
13%
Кастри
13%
Порт-Вила
12%
Паликир
11%
Отсутствует
11%
Маджуро
10%
Нгерулмуд
10%
Хониара
10%
Нукуалофа
8%
No matching quizzes found
Score Distribution
Percent of People with Each Score
Percentile by Number Answered
Your Score History
You have not taken this quiz